Effective communication skills in English

Bibliographic Details
Main Author: Doraiswamy, R
Format: Book
Published: New Delhi : ABD Publishers , 2006
Subjects:

MARC

LEADER 00000cam a2200000 7i4500
001 0000041274
005 20140720.0
008 140720
020 |a 8183760449 
090 0 0 |a 428.2   |b DOR 
100 1 |a Doraiswamy, R 
245 1 0 |a Effective communication skills in English   |c R. Doraiswamy 
260 |a New Delhi :   |b ABD Publishers ,   |c 2006 
650 0 |a English language exercise 
650 0 |a English language grammar 
650 0 |a English language usage 
999 |a 0001293611   |b Book   |c Adult Collection   |e Perbadanan Perpustakaan Awam Johor